MLB World Series Champions - Statistics

General Stats
  • This quiz has been taken 4,281 times
    2,719 since last reset
  • The average score is 88 of 116
Answer Stats
Year Team % Correct
1923 | 1927 | 1928 | +24 others New York Yankees
96%
1912 | 1915 | 1916 | +5 others Boston Red Sox
92%
1959 | 1963 | 1965 | +3 others Los Angeles Dodgers
91%
1907 | 1908 | 2016 Chicago Cubs
88%
2017 Houston Astros
88%
1969 | 1986 New York Mets
83%
1906 | 1917 | 2005 Chicago White Sox
82%
2010 | 2012 | 2014 San Francisco Giants
80%
1926 | 1931 | 1934 | +8 others St. Louis Cardinals
80%
2019 Washington Nationals
80%
1995 Atlanta Braves
79%
1985 | 2015 Kansas City Royals
79%
1980 | 2008 Philadelphia Phillies
75%
2001 Arizona Diamondbacks
73%
1992 | 1993 Toronto Blue Jays
73%
1909 Pittsburg Pirates
71%
1972 | 1973 | 1974 | 1989 Oakland Athletics
69%
1966 | 1970 | 1983 Baltimore Orioles
68%
1935 | 1945 | 1968 | 1984 Detroit Tigers
67%
1987 | 1991 Minnesota Twins
67%
1919 | 1940 | 1975 | +2 others Cincinnati Reds
64%
1920 | 1948 Cleveland Indians
64%
1925 | 1960 | 1971 | 1979 Pittsburgh Pirates
64%
1997 | 2003 Florida Marlins
60%
1955 Brooklyn Dodgers
53%
2002 Anaheim Angels
51%
1905 | 1921 | 1922 | +2 others New York Giants
41%
1910 | 1911 | 1913 | +2 others Philadelphia Athletics
29%
1914 Boston Braves
28%
1924 Washington Senators
26%
1957 Milwaukee Braves
25%
1903 Boston Americans
15%
No matching quizzes found
Score Distribution
Percent of People with Each Score
Percentile by Number Answered
Your Score History
You have not taken this quiz since the last reset